Managerial economics : (Record no. 64679)

MARC details
000 -LEADER
fixed length control field 00914nam a22002657a 4500
005 - DATE AND TIME OF LATEST TRANSACTION
control field 20130711130107.0
010 ## - LCCN (DPL NO)
LC control number ENG-104949
020 ## - INTERNATIONAL STANDARD BOOK NUMBER
International Standard Book Number 9788185044774
Terms of availability 355.00
020 ## - INTERNATIONAL STANDARD BOOK NUMBER
International Standard Book Number 8185044775
Terms of availability 355.00
035 ## - SYSTEM CONTROL NUMBER
System control number EN-88482
035 ## - SYSTEM CONTROL NUMBER
System control number B-490997-006
037 ## - SOURCE OF ACQUISITION
Source of stock number/acquisition DBAD/PUB
037 ## - SOURCE OF ACQUISITION
Source of stock number/acquisition Ocean Books/Ven
Stock number dpl
082 ## - DEWEY DECIMAL CLASSIFICATION NUMBER
Classification number 338.5024658
100 ## - MAIN ENTRY--PERSONAL NAME
Personal name Raj Kumar
245 ## - TITLE STATEMENT
Title Managerial economics :
Statement of responsibility, etc by Raj Kumar [and] Kuldip Gupta
Remainder of title analysis, policies and cases /
250 ## - EDITION STATEMENT
Edition statement 7th rev. ed
260 ## - PUBLICATION, DISTRIBUTION, ETC. (IMPRINT)
Place of publication, distribution, etc New Delhi
Name of publisher, distributor, etc UDH Publishers & Distributors
Date of publication, distribution, etc 2012
270 ## - ADDRESS
Address 4762-63, Ansari Road, Darya Ganj
City New Delhi
Postal code 110002
300 ## - PHYSICAL DESCRIPTION
Extent xix,384p. :
Other physical details ill.
Dimensions 24cm(pbk)
500 ## - GENERAL NOTE
General note Includes index
700 ## - ADDED ENTRY--PERSONAL NAME
Personal name Gupta, Kuldip
9 (RLIN) 44749
942 ## - ADDED ENTRY ELEMENTS (KOHA)
Source of classification or shelving scheme Dewey Decimal Classification
Item type English Books
Call number suffix RAJ
Classification part 338.5024658
Holdings
Withdrawn status Lost status Not for loan Collection code Home library Current library Date acquired Source of acquisition Cost, normal purchase price Full call number Barcode Copy number Cost, replacement price Koha item type
    Not For Loan Non-fiction Andrews Gunj Andrews Gunj 11/07/2013 Ocean Books/19319/07.01.2013/124/18.12.2012/18.01.2013 355.00 338.5024658 RAJ B-491002 1 355.00 English Books
      Non-fiction Central Library Central Library 11/07/2013 Ocean Books/19319/07.01.2013/124/18.12.2012/18.01.2013 355.00 338.5024658 RAJ B-490997 1 355.00 English Books
    Not For Loan Non-fiction D.B.Act.Division D.B.Act.Division 04/04/2012 DBAD/PUB 355.00 338.5024658 RAJ EN-88482 1 355.00 English Books
      Non-fiction Janak Puri Janak Puri 11/07/2013 Ocean Books/19319/07.01.2013/124/18.12.2012/18.01.2013 355.00 338.5024658 RAJ B-490999 1 355.00 English Books
  Written-off vide DLB M. No. 383 dt 16.05.19 Not For Loan Non-fiction Patel Nagar Patel Nagar 11/07/2013 Ocean Books/19319/07.01.2013/124/18.12.2012/18.01.2013 355.00 338.5024658 RAJ B-490998 1 355.00 English Books
      Non-fiction Sarojini Nagar Sarojini Nagar 11/07/2013 Ocean Books/19319/07.01.2013/124/18.12.2012/18.01.2013 355.00 338.5024658 RAJ B-491000 1 355.00 English Books
      Non-fiction Sarojini Nagar Sarojini Nagar 11/07/2013 Ocean Books/19319/07.01.2013/124/18.12.2012/18.01.2013 355.00 338.5024658 RAJ B-491001 1 355.00 English Books
      Non-fiction Sarojini Nagar Sarojini Nagar 11/07/2013 Ocean Books/19319/07.01.2013/124/18.12.2012/18.01.2013 355.00 338.5024658 RAJ B-491003 1 355.00 English Books
      Non-fiction Shahdara Branch Shahdara Branch 11/07/2013 Ocean Books/19319/07.01.2013/124/18.12.2012/18.01.2013 355.00 338.5024658 RAJ B-491005 1 355.00 English Books
    Not For Loan Non-fiction Vinoba Puri Vinoba Puri 11/07/2013 Ocean Books/19319/07.01.2013/124/18.12.2012/18.01.2013 355.00 338.5024658 RAJ B-491004 1 355.00 English Books
    Not For Loan Non-fiction Yojana Vihar Yojana Vihar 11/07/2013 Ocean Books/19319/07.01.2013/124/18.12.2012/18.01.2013 355.00 338.5024658 RAJ B-491006 1 355.00 English Books

© Delhi Public Library
Hit Counter
free hit counter